000 002830000a22000970004500
100 1 _aSoesilo, Daud
245 1 0 _aLa traducción de las secciones poéticas de Daniel 1-6
300 _aVol. 9, Num. 1 (I Semestre, 1999), Páginas 6-10
773 0 _tTraducción de la Biblia
942 _cANA
999 _c52708
_d52708